| 000 | 01524cam a2200349 a 4500 | ||
|---|---|---|---|
| 090 | _c0 | ||
| 001 | 13939310 | ||
| 005 | 20060724212040.0 | ||
| 008 | 050422s2005 ne a bf 001 0 eng d | ||
| 010 | _a 2005274687 | ||
| 020 | _a0750678410 (alk. paper) | ||
| 035 | _a(OCoLC)ocm57707468 | ||
| 040 |
_aUAB _cUAB _dOCLCQ _dDLC |
||
| 042 | _alccopycat | ||
| 050 | 0 | 0 |
_aTK7887.6 _b.D358 2005 |
| 082 | 0 | 0 |
_a621.38159 _222 _bDAT |
| 245 | 0 | 0 |
_aData conversion handbook / _cAnalog Devices ; Walter Kester, editor ; with the technical staff of Analog Devices. |
| 260 |
_aAmsterdam ; _bElsevier ; _cc2005. |
||
| 300 |
_axxi, 953 p. : _bill. ; _c25 cm. |
||
| 440 | 0 | _aAnalog Devices series | |
| 504 | _aIncludes bibliographical references and index. | ||
| 650 | 0 |
_aDigital-to-analog converters _vHandbooks, manuals, etc. |
|
| 650 | 0 |
_aAnalog-to-digital converters _vHandbooks, manuals, etc. |
|
| 650 | 0 |
_aElectronic circuit design _vHandbooks, manuals, etc. |
|
| 700 | 1 |
_aKester, Walt _q(Walter Allan) |
|
| 710 | 2 | _aAnalog Devices, inc. | |
| 856 | 4 | 2 |
_3Publisher description _uhttp://www.loc.gov/catdir/enhancements/fy0626/2005274687-d.html |
| 856 | 4 | 1 |
_3Table of contents only _uhttp://www.loc.gov/catdir/enhancements/fy0626/2005274687-t.html |
| 942 |
_2ddc _cNB |
||
| 999 |
_c10491 _d10491 |
||